<?xml version="1.0" encoding="UTF-8"?>
<record
    xmlns:xsi="http://www.w3.org/2001/XMLSchema-instance"
    xsi:schemaLocation="http://www.loc.gov/MARC21/slim http://www.loc.gov/standards/marcxml/schema/MARC21slim.xsd"
    xmlns="http://www.loc.gov/MARC21/slim">

  <leader>05597nam a2200553Ia 4500</leader>
  <controlfield tag="001">259</controlfield>
  <controlfield tag="008">241029s9999    xx            000 0 und d</controlfield>
  <datafield tag="010" ind1=" " ind2=" ">
    <subfield code="a">228</subfield>
  </datafield>
  <datafield tag="041" ind1=" " ind2=" ">
    <subfield code="a">Espa&#xF1;ol</subfield>
  </datafield>
  <datafield tag="082" ind1=" " ind2=" ">
    <subfield code="a">2012/BUNEVS.D41</subfield>
  </datafield>
  <datafield tag="245" ind1=" " ind2="0">
    <subfield code="a">Efectos de la aplicaci&#xF3;n de la Ley No.139-01, sobre Educaci&#xF3;n Superior en los Centros Universitarios UTESA y UFHEC, Moca, Rep&#xFA;blica Dominicana, 2012.</subfield>
  </datafield>
  <datafield tag="260" ind1=" " ind2=" ">
    <subfield code="a">Espaillat</subfield>
  </datafield>
  <datafield tag="300" ind1=" " ind2=" ">
    <subfield code="a">74</subfield>
  </datafield>
  <datafield tag="520" ind1=" " ind2=" ">
    <subfield code="a">36</subfield>
  </datafield>
  <datafield tag="630" ind1=" " ind2=" ">
    <subfield code="a">Educaci&#xF3;n</subfield>
  </datafield>
  <datafield tag="630" ind1=" " ind2=" ">
    <subfield code="a">Educaci&#xF3;n Superior</subfield>
  </datafield>
  <datafield tag="630" ind1=" " ind2=" ">
    <subfield code="a">Educaci&#xF3;n-Legislaci&#xF3;n</subfield>
  </datafield>
  <datafield tag="650" ind1=" " ind2=" ">
    <subfield code="a">Gesti&#xF3;n Educativa</subfield>
  </datafield>
  <datafield tag="690" ind1=" " ind2=" ">
    <subfield code="a">Sintetizado</subfield>
  </datafield>
  <datafield tag="700" ind1=" " ind2=" ">
    <subfield code="e">asesor</subfield>
    <subfield code="a">Vanderlinder, Jos&#xE9;</subfield>
  </datafield>
  <datafield tag="700" ind1=" " ind2=" ">
    <subfield code="e">autor</subfield>
    <subfield code="a">D&#xED;az L&#xF3;pez , Rolando Antonio </subfield>
  </datafield>
  <datafield tag="700" ind1=" " ind2=" ">
    <subfield code="e">autor</subfield>
    <subfield code="a">S&#xE1;nchez Grull&#xF3;n , Rumaldo Antonio </subfield>
  </datafield>
  <datafield tag="901" ind1=" " ind2=" ">
    <subfield code="a">{"1":"D&#xED;az L&#xF3;pez ","2":"S&#xE1;nchez Grull&#xF3;n "}</subfield>
    <subfield code="b">{"1":"Rolando Antonio ","2":"Rumaldo Antonio "}</subfield>
  </datafield>
  <datafield tag="902" ind1=" " ind2=" ">
    <subfield code="a">1</subfield>
  </datafield>
  <datafield tag="903" ind1=" " ind2=" ">
    <subfield code="a">{"1":"Vanderlinder"}</subfield>
    <subfield code="b">{"1":"Jos&#xE9;"}</subfield>
  </datafield>
  <datafield tag="904" ind1=" " ind2=" ">
    <subfield code="a">Mag&#xED;ster en</subfield>
  </datafield>
  <datafield tag="905" ind1=" " ind2=" ">
    <subfield code="a">Gesti&#xF3;n de Centros Educativos</subfield>
  </datafield>
  <datafield tag="906" ind1=" " ind2=" ">
    <subfield code="a">2</subfield>
  </datafield>
  <datafield tag="907" ind1=" " ind2=" ">
    <subfield code="a">NO APLICA</subfield>
  </datafield>
  <datafield tag="908" ind1=" " ind2=" ">
    <subfield code="a">NO APLICA</subfield>
  </datafield>
  <datafield tag="909" ind1=" " ind2=" ">
    <subfield code="a">Universidad Nacional Evang&#xE9;lica (UNEV), Recinto Santiago</subfield>
  </datafield>
  <datafield tag="910" ind1=" " ind2=" ">
    <subfield code="a">NULL</subfield>
    <subfield code="b">NULL</subfield>
  </datafield>
  <datafield tag="911" ind1=" " ind2=" ">
    <subfield code="a">["1"]</subfield>
  </datafield>
  <datafield tag="912" ind1=" " ind2=" ">
    <subfield code="a">NO APLICA</subfield>
  </datafield>
  <datafield tag="913" ind1=" " ind2=" ">
    <subfield code="a">NULL</subfield>
  </datafield>
  <datafield tag="914" ind1=" " ind2=" ">
    <subfield code="a">01 de Noviembre de 2012</subfield>
  </datafield>
  <datafield tag="915" ind1=" " ind2=" ">
    <subfield code="a">-693625</subfield>
  </datafield>
  <datafield tag="916" ind1=" " ind2=" ">
    <subfield code="a">NULL</subfield>
  </datafield>
  <datafield tag="917" ind1=" " ind2=" ">
    <subfield code="a">NULL</subfield>
  </datafield>
  <datafield tag="918" ind1=" " ind2=" ">
    <subfield code="a">NO APLICA</subfield>
  </datafield>
  <datafield tag="919" ind1=" " ind2=" ">
    <subfield code="a">["72","83","84"]</subfield>
  </datafield>
  <datafield tag="520" ind1=" " ind2=" ">
    <subfield code="a">La raz&#xF3;n principal que condujo a la ejecuci&#xF3;n de esta investigaci&#xF3;n fue la observaci&#xF3;n de la diferencia existente entre el rendimiento acad&#xE9;mico y el desarrollo personal exitoso de los egresados de la Universidad Tecnol&#xF3;gica de Santiago (UTESA) y&#xA0; Federico Henr&#xED;quez y Carvajal (UFHEC) del municipio de Moca, en contraste con otros, donde se logran ciertos objetivos m&#xED;nimos; a pesar de tener comunes: curr&#xED;culo, prop&#xF3;sitos, leyes y otras condiciones generales. Los recintos Universitarios de Educaci&#xF3;n Superiordeben ce&#xF1;irse al cumplimiento de su misi&#xF3;n, objetivo y visi&#xF3;n educativa, empleando sobre todo las directrices establecidas en la Ley No. 139-01 sobre Educaci&#xF3;n Superior, Ciencia y Tecnolog&#xED;a, teniendo como marco de referencia las reglamentaciones internas propias del &#xE1;mbito educacional que le caracteriza, para la construcci&#xF3;n de un futuro, en el cual las nuevas generaciones deber&#xE1;n estar preparadas en un curr&#xED;culum basado en valores, competencias e ideales.El presente estudio fue una investigaci&#xF3;n descriptiva y de campo, porque visualiza la realidad de los egresados de los Centros Universitarios UTESA y UFHEC, de Moca y las variables son estudiadas en los contextos y dimensiones de estos dos Centros de Educaci&#xF3;n Superior e identifica el alcance y aplicaci&#xF3;n de la Ley No. 139-01. Se dise&#xF1;&#xF3; sobre la base de dos muestras independientes, la de los egresados y los directores de ambas instituciones.&#xA0;Se utiliz&#xF3; la t&#xE9;cnica de la observaci&#xF3;n, el cuestionario aplicado a los egresados y la entrevista a los directores, que sirvieron de soporte al estudio de campo. En la segunda fase, se aplic&#xF3; estad&#xED;sticas descriptivas. Se determin&#xF3; estad&#xED;sticamente en muestras representativas de los egresados de dichas instituciones del a&#xF1;o 2012. La poblaci&#xF3;n examinada estuvo constituida por ciento setenta y seis (176) egresados, ciento cuarenta (140) de UTESA y treinta y seis (36) de UFHEC. La muestra seleccionada fue el 36% del universo completo de egresados, por ser una poblaci&#xF3;n bastante grande y completa del universo los dos directores de ambas entidades. La unidad de muestreo es de cuarenta y cuatro (44) egresados, treinta y cuatro (34) de UTESA y diez (100 de UFHEC.&#xA0;Resultados correspondiente a la entrevista de los directores de las referidas Universidades: en calidad educativa, fundamentaron su educaci&#xF3;n aplicando el p&#xE9;nsum de cada carrera, el programa de cada materia y la relaci&#xF3;n estudiantes-docentes basada en valores y filosof&#xED;a. Los profesores no cumplen ni un 62% del contenido del programa, otras veces, los programas no est&#xE1;n bien desarrollados y se pierde el objetivo de la materia. Respecto a las herramientas para la calidad y formaci&#xF3;n de los egresados, se obtuvieron mediante planificaci&#xF3;n de docencia, actualizaci&#xF3;n de programas, p&#xE9;nsum y respectivas pr&#xE1;cticas del saber, utilizando recursos audiovisuales, datashow, conferencias, seminarios, laboratorios y pasant&#xED;a. Para control de docente libros de entrada y salida, supervisi&#xF3;n de coordinador acad&#xE9;mico y evaluaci&#xF3;n por los estudiantes. Se capacitan los docentes mediante cursos especializados y maestr&#xED;as. Se observaron debilidades como falta de competitividad en algunos egresados y los entrevistados dicen conocer la Ley, porque es el marco jur&#xED;dico que rige dicha educaci&#xF3;n.&#xA0; En torno a determinar el grado de aplicaci&#xF3;n de la Ley No. 139-01, el 55% de los egresados&#xA0;afirm&#xF3; conocer sobre la referida Ley, evidenciando que las Universidades no est&#xE1;n dando a conocer el contenido cabal de la misma. El aspecto que m&#xE1;s se conoce de la Ley es su fundamento seg&#xFA;n el 25%, mientras que el 52% dijo no tener ning&#xFA;n conocimiento, demostrando los egresados no haber recibido la orientaci&#xF3;n sobre el contenido y aplicaci&#xF3;n. &#xA0;El 48% de egresados expres&#xF3;&#xA0;que las Universidades cumplen con la Ley, denotando el divorcio de las Universidades en la aplicaci&#xF3;n de la misma, pues ni siquiera se les instruy&#xF3;&#xA0;sobre su existencia.&#xA0;Para visualizar este estudio en su totalidad haga click aqui</subfield>
  </datafield>
  <datafield tag="921" ind1=" " ind2=" ">
    <subfield code="a">11</subfield>
  </datafield>
  <datafield tag="922" ind1=" " ind2=" ">
    <subfield code="a">11</subfield>
  </datafield>
  <datafield tag="923" ind1=" " ind2=" ">
    <subfield code="a">0</subfield>
  </datafield>
  <datafield tag="924" ind1=" " ind2=" ">
    <subfield code="a">NO APLICA</subfield>
  </datafield>
  <datafield tag="942" ind1=" " ind2=" ">
    <subfield code="c">Tesis</subfield>
  </datafield>
  <datafield tag="999" ind1=" " ind2=" ">
    <subfield code="c">228</subfield>
    <subfield code="d">228</subfield>
  </datafield>
</record>
